Sporcle Live Highlights - 9/11/13 Quiz Stats

 Plays Quiz not verified by Sporcle

Challenge
Share
Tweet
Embed
Score 0/10 Timer 05:00
0 Plays Today
Question Answer % Correct
In the Broadway musical West Side Story, one gang is American, what nationality is the rival gang?Puerto Rican
65.1%
What 7-letter word is the pivot point of a lever?Fulcrum
61%
What actor plays SNL snack proprietor Pete Schweddy in a skit that originally aired in 1998?Alec Baldwin
57.5%
In the Billy Joel song “Piano Man”, what is the character Paul’s occupation?Real Estate Novelist
52.7%
What food company uses a mother bird and her baby birds in a nest as its logo?Nestle
40.4%
In December 2001, President George W. Bush signed into law a resolution designating September 11th a national day of remembrance, known by what name since 2002?Patriot Day
40.4%
In 1997, what American singer/songwriter posed the lyrical question 'Where Have All the Cowboys Gone?', taking the song to #8 on the Billboard Hot 100?Paula Cole
35.6%
In the movie Dogma, who are the two prophets sent to protect Bethany?Jay and Silent Bob
32.2%
What state is home to Big Bend National Park?Texas
28.1%
In Washington DC, at the National Mall, what two memorials are at the ends of the large reflecting pool?Lincoln Memorial and National World War II Memorial
6.8%

You're not logged in!

Compare scores with friends on all Sporcle quizzes.
OR
Log In

You Might Also Like...

Show Comments

Extras

Top Quizzes Today


Score Distribution

Your Account Isn't Verified!

In order to create a playlist on Sporcle, you need to verify the email address you used during registration. Go to your Sporcle Settings to finish the process.

Report this User

Report this user for behavior that violates our Community Guidelines.

Details: